Datum a čas kvízu

29.5 Celkem bodů Celkový počet nahraných bodů na tomto kvízu bez doplňovacích otázek.
6. Pořadí na kvízu Konečné umístění týmu na tomto kvízu.

Zaznamenané odpovědi

# Otázka Odpověď Body Výsledky
1. V pondělí se konal ustavující... GEN 1
2. Oblíbená turistická atrakce, 6... v Krakově 1
3. Minulý týden jsme se dozvěděli... Praha 1
4. Jistý internetový portál nabíz... Seznam.cz 0
5. Minulý týden proběhl v estonsk... v krasobruslení 1
6. Začneme největšími společnými... (Vše)sokolský slet, Spartakiáda 1
7. Napište anglický dvouslovný ná... step aerobic 1
8. Tato cvičební metoda se snaží... Pilates 0
9. Bikram jóga je speciální druh... C) cvičí se v sále vyhřátém na 42 °C 0
10. Tato žena se narodila v roce 1... Jane Fonda 1